000 00777nam a2200181 i 4500
001 162480
003 ES-MaACL
005 20250916063056.0
008 041111s1881 sp |||| | spa d
040 _aCAM
_bspa
_cCAM
100 1 _aPosada, Adolfo,
_d1860-1944
_993316
245 1 0 _aRelaciones entre el derecho natural y el derecho positivo
_b: estudio sobre filosofía del derecho /
_cpor Adolfo Posada y Biesca.
260 _aMadrid :
_b[s.n.],
_c1881 (
_fImprenta de la Revista de Legislación)
300 _a45 p. ;
_c21 cm.
650 4 _aDerecho-
_xFilosofía
_911620
852 _aES-MaACL
_jT-360-F-19
_z-- Enc. hol.
_z-- Ded. ms. del autor para la Biblioteca del Ateneo
_q-- Falto de la cub. original
_z-- Enc. en un vol. facticio
999 _c162480
_d162480